The languages of the world

Αποθηκεύτηκε σε:
Λεπτομέρειες βιβλιογραφικής εγγραφής
Κύριος συγγραφέας: Katzner, Kenneth
Μορφή: Βιβλίο
Γλώσσα:English
Δημοσίευση: London : Routledge, 1986
Έκδοση:Rev. ed.
Θέματα:
Ετικέτες: Προσθήκη ετικέτας
Δεν υπάρχουν, Καταχωρήστε ετικέτα πρώτοι!

MARC

LEADER 00000nam a2200000 i 4500
001 1/84919
008 930915s1986 eng d
020 |a 0-415-04604-1 
035 |a 1991  |b 2  |c Βιβλιοθήκη  |l 10034563 
035 |a ΛΕΣΒΟΣb10000938 
040 |a GR-MY-UA  |b gre  |e aacr 
041 0 |a eng 
082 0 |a 401.2  |2 (20) 
100 1 |a Katzner, Kenneth. 
245 1 4 |a The languages of the world /  |c Kenneth Katzner 
250 |a Rev. ed. 
260 |a London :   |b Routledge,   |c 1986 
300 |a x, 376 p.;  |c 19 cm 
500 |a Includes text in each language, with translations into English 
504 |a Includes index 
650 0 0 |a Language and languages. 
852 |a INST  |b LESVOS  |e 19930915  |h 401.2 KAT  |p 005100004953  |q 005100004953  |t BK  |y 0 
852 |a INST  |b LESVOS  |e 19930915  |h 401.2 KAT  |p 005100004954  |q 005100004954  |t BK  |y 0 
852 |a INST  |b LESVOS  |e 19930915  |h 401.2 KAT  |p 005100005013  |q 005100005013  |t BK  |y 0 
852 |a INST  |b RHODES  |e 19980204  |h 401.2 KAT  |p 005400008642  |q 005400008642  |t BK  |y 0 
909 |a Ρ  |b 020260  |c 1991 
909 |a Λ  |b 020260